<?xml version="1.0" encoding="UTF-8"?>
<record
    xmlns:xsi="http://www.w3.org/2001/XMLSchema-instance"
    xsi:schemaLocation="http://www.loc.gov/MARC21/slim http://www.loc.gov/standards/marcxml/schema/MARC21slim.xsd"
    xmlns="http://www.loc.gov/MARC21/slim">

  <leader>02267nam a22002417a 4500</leader>
  <controlfield tag="005">20250724091412.0</controlfield>
  <controlfield tag="008">250724b        |||||||| |||| 00| 0 eng d</controlfield>
  <datafield tag="020" ind1=" " ind2=" ">
    <subfield code="a">9780983263371</subfield>
  </datafield>
  <datafield tag="040" ind1=" " ind2=" ">
    <subfield code="c">AL</subfield>
  </datafield>
  <datafield tag="041" ind1=" " ind2=" ">
    <subfield code="a">English</subfield>
  </datafield>
  <datafield tag="082" ind1=" " ind2=" ">
    <subfield code="2">23</subfield>
    <subfield code="a">612.82</subfield>
    <subfield code="b">MEDB</subfield>
  </datafield>
  <datafield tag="100" ind1=" " ind2=" ">
    <subfield code="a">John Medina</subfield>
    <subfield code="9">219874</subfield>
  </datafield>
  <datafield tag="245" ind1=" " ind2=" ">
    <subfield code="a">Brain rules</subfield>
    <subfield code="b">: 12 principles for surviving and thriving at work home and school</subfield>
  </datafield>
  <datafield tag="260" ind1=" " ind2=" ">
    <subfield code="a">Seattle,USA</subfield>
    <subfield code="b">Pear press</subfield>
    <subfield code="c">2014</subfield>
  </datafield>
  <datafield tag="300" ind1=" " ind2=" ">
    <subfield code="a">288 p.</subfield>
    <subfield code="b">PB</subfield>
    <subfield code="c">24x15 cm.</subfield>
  </datafield>
  <datafield tag="365" ind1=" " ind2=" ">
    <subfield code="a">IN-44853</subfield>
    <subfield code="b">&#x20B9;1339.15</subfield>
    <subfield code="c">&#x20B9;</subfield>
    <subfield code="d">&#x20B9;1339.15</subfield>
    <subfield code="e">0%</subfield>
    <subfield code="f">30-06-2025</subfield>
  </datafield>
  <datafield tag="520" ind1=" " ind2=" ">
    <subfield code="a">Most of us have no idea what&#x2019;s really going on inside our heads. Yet brain scientists have uncovered details every business leader, parent, and teacher should know&#x97;like the need for physical activity to get your brain working its best.
How do we learn? What exactly do sleep and stress do to our brains? Why is multi-tasking a myth? Why is it so easy to forget&#x97;and so important to repeat new knowledge? Is it true that men and women have different brains?
In Brain Rules, Dr. John Medina, a molecular biologist, shares his lifelong interest in how the brain sciences might influence the way we teach our children and the way we work. In each chapter, he describes a brain rule&#x97;what scientists know for sure about how our brains work&#x97;and then offers transformative ideas for our daily lives.
Medina&#x2019;s fascinating stories and infectious sense of humor breathe life into brain science. You&#x2019;ll learn why Michael Jordan was no good at baseball. You&#x2019;ll peer over a surgeon&#x2019;s shoulder as he proves that most of us have a Jennifer Aniston neuron. You&#x2019;ll meet a boy who has an amazing memory for music but can&#x2019;t tie his own shoes.

You will discover how:
Every brain is wired differently
Exercise improves cognition
We are designed to never stop learning and exploring
Memories are volatile
Sleep is powerfully linked with the ability to learn
Vision trumps all of the other senses
Stress changes the way we learn
In the end, you&#x2019;ll understand how your brain really works&#x97;and how to get the most out of it.
</subfield>
  </datafield>
  <datafield tag="650" ind1=" " ind2=" ">
    <subfield code="a">Attention</subfield>
    <subfield code="9">219870</subfield>
  </datafield>
  <datafield tag="650" ind1=" " ind2=" ">
    <subfield code="a">exercise</subfield>
    <subfield code="9">219871</subfield>
  </datafield>
  <datafield tag="650" ind1=" " ind2=" ">
    <subfield code="a">memory</subfield>
    <subfield code="9">219872</subfield>
  </datafield>
  <datafield tag="650" ind1=" " ind2=" ">
    <subfield code="a">wiring-every brain is wired differently</subfield>
    <subfield code="9">219873</subfield>
  </datafield>
  <datafield tag="942" ind1=" " ind2=" ">
    <subfield code="2">ddc</subfield>
    <subfield code="c">BK</subfield>
  </datafield>
  <datafield tag="999" ind1=" " ind2=" ">
    <subfield code="c">234665</subfield>
    <subfield code="d">234665</subfield>
  </datafield>
  <datafield tag="952" ind1=" " ind2=" ">
    <subfield code="0">0</subfield>
    <subfield code="1">0</subfield>
    <subfield code="2">ddc</subfield>
    <subfield code="4">0</subfield>
    <subfield code="7">0</subfield>
    <subfield code="8">SW</subfield>
    <subfield code="a">AL</subfield>
    <subfield code="b">AL</subfield>
    <subfield code="d">2025-07-23</subfield>
    <subfield code="e">amazon.in</subfield>
    <subfield code="g">1339.15</subfield>
    <subfield code="l">1</subfield>
    <subfield code="o">612.82 MEDB</subfield>
    <subfield code="p">077773</subfield>
    <subfield code="q">2025-11-22</subfield>
    <subfield code="r">2025-07-25 13:49:51</subfield>
    <subfield code="s">2025-07-25</subfield>
    <subfield code="v">1339.15</subfield>
    <subfield code="w">2025-06-30</subfield>
    <subfield code="y">BK</subfield>
  </datafield>
</record>
